=LDR 00000nam 2200000 4500 =001 INLIS000000000037308 =005 20130612143037 =008 ***********************************Ind** =035 ##$$0010-061300000037308 =041 ##$$a Ind =082 ##$$a 615.882 025 =090 ##$$a 615.882 025, Ulu l =100 ##$$a Ulung, Gagas =245 ##$$a 50 Tempat pengobatan alternatif paling di cari di Yogya dan Solo/oleh Gagas Ulung; Editor,Intarina Hardiman =260 ##$$a 2010 $b Jakarta =300 ##$$a 115 hlm., Ilus., 21 cm =650 ##$$a Pengobatan Alternatif - Direktori =700 ##$$a Hardiman, Intarina =850 ##$$a NBPNMAT